00318nam a2200121Ia 4500008004100000041000800041082001400049100001500063245004500078260003800123300002400161365001100185240624s9999 xx 000 0 und d aeng a659.2 KAD aKADOR JOHN aEFFECTIVE APOLOGY MENDING FENCES BUILDIN c2011aNew DelhibTata McGraw-Hill a273 : p. : cm. ; 26 cRSb33